000 00696nam a22002057a 4500
003 OSt
005 20250621011753.0
008 250621b |||||||| |||| 00| 0 eng d
020 _a978-621-406-211-9
040 _aDWCL - Main lib
_cOC
082 _aFil. 701 G983l 2018
100 _aGutierez- Ang, Jaime
245 _aLikhang sining :
_bart appreciation for the 21st century Filipino university student ( a modular approach)/
_cJaime Gutierez- Ang
260 _aManila:
_bMindshapers co,
_c c2018.
300 _ax , 256 pages :
_billustrations ;
_c 26cm
504 _aIncludes bibliographical references
650 _a1. Art
650 _a2. Humanities
942 _2ddc
_cBK - FIL
_kFil.
_n0
999 _c3209
_d3209